00524nam a2200193 a 4500001001300000003000900013005001700022008004100039020000900080082001900089100002400108245006200132260003600194300000800230500003500238505001000273650002300283700002400306nice12345678IN_TiNIC20260116012652.0050524s1982 dela grp 000 0 eng  ac4000a306.0954bCHA1 aChapekar, Nalinee M aAncient India and Iranb Study of Their Cultural Contacts aDelhibAjanta Publicationc1982 a78p aincludes index and biblioraphy2 aIndex aCulture-India-Iran1 aChapekar, Nalinee M